Unit 1 :Narrative Describing people and events (Record no. 176204)
[ view plain ]
| 000 -LEADER | |
|---|---|
| fixed length control field | 00340 a2200157 4500 |
| 003 - CONTROL NUMBER IDENTIFIER | |
| control field | Nust |
| 005 - DATE AND TIME OF LATEST TRANSACTION | |
| control field | 20170207152519.0 |
| 020 ## - INTERNATIONAL STANDARD BOOK NUMBER | |
| International Standard Book Number | Nil |
| 040 ## - CATALOGING SOURCE | |
| Transcribing agency | Nust |
| 082 ## - DEWEY DECIMAL CLASSIFICATION NUMBER | |
| Classification number | 428 |
| 100 ## - MAIN ENTRY--PERSONAL NAME | |
| Personal name | Henry |
| 245 ## - TITLE STATEMENT | |
| Title | Unit 1 :Narrative Describing people and events |
| Remainder of title | Unit 1 |
| 260 ## - PUBLICATION, DISTRIBUTION, ETC. | |
| Name of publisher, distributor, etc. | Photo copy |
| 300 ## - PHYSICAL DESCRIPTION | |
| Extent | 89p |
| 538 ## - SYSTEM DETAILS NOTE | |
| System details note | Almirah No.23 Shelf No.1 |
| 942 ## - ADDED ENTRY ELEMENTS (KOHA) | |
| Source of classification or shelving scheme | |
| Koha item type | Book |
| Withdrawn status | Lost status | Source of classification or shelving scheme | Damaged status | Not for loan | Collection code | Permanent Location | Current Location | Date acquired | Total Checkouts | Full call number | Barcode | Date last seen | Price effective from | Koha item type |
|---|---|---|---|---|---|---|---|---|---|---|---|---|---|---|
| Military College of Signals (MCS) | Military College of Signals (MCS) | 12/12/2016 | 428 BBC | MCS27946 | 12/08/2016 | 12/12/2016 | Book |
